000
002830000a22000970004500
100
1
_a
Odell, Margaret S.
245
1
0
_a
The particle and the prophet : Observations on Ezekiel 2:6
300
_a
Vol. 48, Num. 3 (Julio, 1998), Páginas 425-432
773
0
_t
Vetus Testamentum
942
_c
ANA
999
_c
58222
_d
58222